Critical issues for student affairs : challenges and opportunities /

Bibliographic Details
Main Author: Sandeen, Arthur, 1938-
Other Authors: Barr, Margaret J.
Format: Book
Language:English
Published: San Francisco, CA : Jossey-Bass, [2006]
Edition:1st ed.
Subjects:
Online Access:Table of contents
Publisher description
Contributor biographical information

MARC

Tag First Indicator Second Indicator Subfields
LEADER 00000cam a22000004a 4500
001 in00002128621
005 20151103061217.0
008 060113s2006 cau b 001 0 eng
010 |a  2006001256 
020 |a 0787976571 
020 |a 9780787976576 
035 |a (OCoLC)ocm63116897 
040 |a DLC  |c DLC  |d BAKER  |d C#P  |d TXA  |d UtOrBLW 
042 |a pcc 
049 |a TXAM 
050 0 0 |a LB2342.9  |b .S26 2006 
082 0 0 |a 378.1/97  |2 22 
100 1 |a Sandeen, Arthur,  |d 1938- 
245 1 0 |a Critical issues for student affairs :  |b challenges and opportunities /  |c Arthur Sandeen, Margaret Barr. 
250 |a 1st ed. 
264 1 |a San Francisco, CA :  |b Jossey-Bass,  |c [2006] 
264 4 |c ©2006 
300 |a xvii, 237 pages ;  |c 24 cm. 
336 |a text  |b txt  |2 rdacontent 
337 |a unmediated  |b n  |2 rdamedia 
338 |a volume  |b nc  |2 rdacarrier 
504 |a Includes bibliographical references (pages [201]-224) and indexes. 
505 0 |a What is the foundation of student affairs? -- Where should student affairs be placed within the organizational structure of the institution? -- How should student affairs help students learn about diversity? -- How can student affairs attract and retain a diverse staff? -- How do sources of revenue affect student affairs? -- What is the role of student affairs in non-traditional educational settings? -- What is the role of student affairs in assessment? -- Who has responsibility for the lives of students? -- How should professional associations serve student affairs? 
650 0 |a Student affairs services. 
650 0 |a Student affairs administrators. 
700 1 |a Barr, Margaret J. 
856 4 1 |3 Table of contents  |u http://www.loc.gov/catdir/toc/ecip066/2006001256.html  |t 0 
856 4 2 |3 Publisher description  |u http://www.loc.gov/catdir/enhancements/fy0653/2006001256-d.html  |t 0 
856 4 2 |3 Contributor biographical information  |u http://www.loc.gov/catdir/enhancements/fy0740/2006001256-b.html  |t 0 
938 |a Baker & Taylor  |b BKTY  |c 36.00  |d 36.00  |i 0787976571  |n 0006649107  |s active 
945 |a PromptCat 
946 |a qatar 
947 |a Q14800160865 
948 |a cataloged  |b h  |c 2006/6/5  |d c  |e jlanham  |f 11:22:44 am 
949 |a updated-AC Qatar  |b h  |c 2008/2/12  |e rrojas/agreen 
994 |a C0  |b TXA 
999 |a MARS 
999 f f |s 2519bddd-f7e1-3694-8d0c-226b2a1a1bc0  |i a23bba88-23df-3709-b07f-8e9066038d45  |t 0 
952 f f |p normal  |a Texas A&M University  |b College Station  |c Sterling C. Evans Library  |d Evans: Library Stacks  |t 0  |e LB2342.9 .S26 2006  |h Library of Congress classification  |i unmediated -- volume  |m A14834508126 
998 f f |a LB2342.9 .S26 2006  |t 0  |l Evans: Library Stacks